000 005000000a22001810004500
020 _a0-87508-187-8
041 0 _aENG
082 0 4 _aG 266.0092 F5147w
100 1 _aFinnie, Kellsye M.
245 1 0 _aWilliam Carey : Missionary pioneer / Kellsye M. Finnie
260 _aFor Washington, PA., USA : Christian Literature Crusade
300 _a156 Pag
001 7577
942 _cBK
999 _c37784
_d37784
336 _atexto
_btxt
_2rdacontent
337 _2rdamedia
_asin mediación
_bn
338 _2rdacarrier
_avolumen
_bnc